Responses for Show #5094 - Thursday, November 2, 2006

Contestants

[<< previous game]

Dave Meddish, an alternative print coordinator from Moscow, Idaho

Caroline Waddell Zarzar, a graduate student from Durham, North Carolina

Jim Spilman, a purchasing manager from Gloucester, Massachusetts (whose 1-day cash winnings total $25,550)

[next game >>]

Jeopardy! Round responses

BEFORE THEY WERE FIRST LADIES
PRIMETIME TV REUNIONS
(Alex: We want you to name the original series for us.)
MYSPACE.MAN
POET'S GLOSSARY
CONTAINERS
FROM THE GREEK
    $200 1
Mrs. Nixon

Caroline
    $200 6
Leave it to Beaver

Jim
    $200 17
(Neil) Armstrong

Dave
    $200 23
haiku

Jim
    $200 14
(Caroline: What is a delta?)

a basin

Caroline
Triple Stumper
    $200 9
(Caroline: What is apothecary?)

pharmacy

Caroline
Triple Stumper
    $400 2
Jackie Kennedy

Jim
    $400 7
The Mary Tyler Moore Show

Jim
    $400 18
(John) Glenn

Caroline
    $400 15
(Dave: What are barrels? What are oak barrels?)
(Alex: Mmm... need two.)
(Dave: ...and...)

barrels & bottles

JimDave
    $400 10
a prism

Dave
    $600 3
Mrs. Carter

Jim
    $600 8
Dallas

Dave
    $600 19
(Yuri) Gagarin

Jim
    $600 29
[The end-of-round signal sounds.]

a foot

Caroline
    $600 24
loving cup

Jim
    $600 11
the esophagus

Caroline
    $800 4
Betty Ford

Triple Stumper
    $800 16
Gunsmoke

Dave
    $1,000 21
(James) Lovell

Jim
    $800 27
a couplet

Caroline
    $800 25
(Caroline: What is a chalice?)

vase

Caroline
Triple Stumper
    $800 12
proteins

Dave
    $1000 5
(Caroline: Who is Mrs. Harding?)
(Jim: Who is Eleanor Roosevelt?)
(Dave: Who is Edith Hoover?)
(Alex: [Approvingly] Mrs. Hoover...)
[Judges shout "No! No!"]
(Alex: ...but you gave the wrong first name. Edith Wilson, but [*].)

(Lou) Hoover

JimCarolineDave
Triple Stumper
    $1000 20
Knots Landing

Jim
    $1000 22
(Alan) Shepard

Jim
    $1000 28
a stanza

Caroline
    $1000 26
coal

Caroline
    $1000 13
(Jim: What is equine therapy? Equine?)
(Caroline: What is equestrian?)

hippotherapy

JimCaroline
Triple Stumper

Scores at the first commercial break (after clue 15):

Jim Caroline Dave
$0 -$1,600 $400

Scores at the end of the Jeopardy! Round:

Jim Caroline Dave
$4,400 $1,400 $1,400

Double Jeopardy! Round responses

& NOW THE "END" IS NEAR
& SO I FACE THE FINAL CURTAIN
I BIT OFF MORE THAN I COULD CHEW
I'VE TRAVELED EACH & EVERY HIGHWAY
THE RECORD SHOWS I TOOK THE BLOWS
I DID IT NORWAY
    $400 1
[Caroline selected the first clue.]

pendulum

Dave
    $400 8
Man of La Mancha

Caroline
    $400 13
chili

Dave
    $400 21
Highway 61

Dave
    $400 26
de Gaulle

Dave
    $400 6
fishing

Dave
    $800 2
crescendo

Caroline
    $800 9
A Chorus Line

Caroline
    $800 14
(Dave: What is borscht?)
(Caroline: What is Vegemite?)
...
(Alex: He's got to find better things to do with his time.)
[Laughter]

mayonnaise

CarolineDave
Triple Stumper
    $800 22
Manhattan

Jim
    $800 27
(Gen. Wesley) Clark

Dave
    $2,000 7
the northern lights

Dave
    $1200 3
endocrine

Dave
    $1200 10
My Fair Lady

Caroline
    $1200 15
linguini

Dave
    $1200 23
the Cumberland Road (or National Road)

Dave
    $1,000 28
[The end-of-round signal sounds.]

Benedict Arnold

Dave
    $1200 18
Lillehammer

Dave
    $1600 4
a double entendre

Dave
    $1600 11
Cats

Jim
    $1600 16
cheesecake

Jim
    $1600 24
(Caroline: What is Alaska?)

Florida

JimCaroline
    $1600 19
Old Norse

Triple Stumper
    $2000 5
offended

Jim
    $2000 12
(Jim: What is Cabaret?)

Hello, Dolly!

JimCaroline
    $2000 17
watermelon

Triple Stumper
    $2000 25
(Caroline: The Road to Damascus?)

the Appian Way

Caroline
Triple Stumper
    $2000 20
Peer Gynt

Caroline

Scores at the end of the Double Jeopardy! Round:

Jim Caroline Dave
$10,000 $4,200 $12,800

[wagering suggestions for these scores]

Final Jeopardy! Round responses

FICTIONAL CHARACTERS
CarolineWho is Mowgli?
$3,800
JimWho is Mowgli?
$3,500
DaveWho is Mowgli?
$7,201
Mowgli

Final scores:

Jim Caroline Dave
$13,500 $8,000 $20,001
2nd place: $2,000 3rd place: $1,000 New champion: $20,001

Game dynamics:

Coryat scores:

Jim Caroline Dave
$9,800 $4,200 $11,800
16 R
(including 1 DD),
3 W
13 R,
8 W
18 R
(including 2 DDs),
3 W

Combined Coryat: $25,800

[game clues] [game scores] [suggest correction]

Game tape date: 2006-09-13
The J! Archive is created by fans, for fans. Scraping, republication, monetization, and malicious use prohibited; this site may use cookies and collect identifying information. See terms. The Jeopardy! game show and all elements thereof, including but not limited to copyright and trademark thereto, are the property of Jeopardy Productions, Inc. and are protected under law. This website is not affiliated with, sponsored by, or operated by Jeopardy Productions, Inc. Join the discussion at JBoard.tv.